Tymek - FIT - Statystyki

Ogólne statystyki
  • Ten quiz został rozwiązany 167 razy
    166 od ostatniego zresetowania
  • Średni wynik to 12 z 18
Statystyki odpowiedzi
Numer Gość Utwór % Poprawnych
1 Tede i Trill Pem Rainman
95%
9 Big Scythe i Deys Anioły i Demony
92%
3 Nabo Nassib Fonabo Radość
79%
4 FLEXLIKEKEV i Qry Kłapią Gębą
77%
10 Oki i PlanBe Milion
75%
6 Kizo i Stamir Diamentowe Serca
74%
14 Kizo i Szpaku 94
73%
11 Trill Pem i Wac Toja Ciągle W Trasie
63%
2 JestemTymek
62%
5 Oki i Wac Toja Wokół Cieni
60%
8 Jednym Wózkiem
59%
13 Wac Toja Ecstasy
58%
12 Bonson Nieśmiertelność
58%
18 Dryja Pesto
55%
17 Biznes
51%
7 Holak Dziwoląg
51%
15 Skip Twarze
47%
16 Ecnavelo Valentino
41%
Nie znaleziono quizów pasujących do podanych kryteriów
Rozkład punktacji
Procent ludzi z każdym wynikiem
Percentyl według liczby udzielonych odpowiedzi
Twoja historia wyników
Nie rozwiązałeś tego quizu od ostatniego zresetowania